Normal view MARC view
  • Moier, Crerald M& Rauch, James E

Entry Personal Name

Number of records used in: 1

001 - CONTROL NUMBER

  • control field: 1047

003 - CONTROL NUMBER IDENTIFIER

  • control field: OSt

005 - DATE AND TIME OF LATEST TRANSACTION

  • control field: 20160523120409.0

008 - FIXED-LENGTH DATA ELEMENTS

  • fixed length control field: 160523|| aca||aabn | a|a d

040 ## - CATALOGING SOURCE

  • Original cataloging agency: OSt
  • Transcribing agency: OSt

100 ## - HEADING--PERSONAL NAME

  • Personal name: Moier, Crerald M& Rauch, James E

670 ## - SOURCE DATA FOUND

  • Source citation: Work cat.: (OSt): Moier, Crerald M& Rauch, James E, Leading Inssues in Economics Development